Представление документа в формате MARC21

Поле Инд. ПП Название Значение
Тип записи a
Библиографический уровень a
001 Контрольный номер c3e28c18b37c49ed8371e865a79d5b8d
005 Дата корректировки 20160527100243.6
020 a ISBN 978-5-7609-1063-9
040 a Служба первич. каталог. НБ ТвГУ
b Код языка каталог. rus
e Правила каталог. PSBO
041 0_ a Код языка текста rus
097 b Оператор komarovaES
100 1_ a Автор Гадалова Галина Сергеевна
q Полное имя Гадалова Г. С.
245 10 a Заглавие К вопросу о матримониальных связях Тверского княжеского дома: великая княгиня Анастасия Тверская
260 a Место издания Тверь
b Издательство Тверской государственный университет
504 a Библиография Библиогр. в подстроч. примеч.
520 0_ a Аннотация Статья посвящена вопросу о матримониальных связях Тверского княжеского дома: великая княгиня Анастасия Тверская. После гибели 22 ноября 1318 г. великого князя Михаила Ярославича Тверского в семье осталось четверо детей: Дмитрий и Александр были совершеннолетними, Константин и Василий - отроками. При жизни отца вопрос о женитьбе сыновей, видимо, не стоял, о чем свидетельствуют стремительные браки в 1320 г. тверских княжичей Александра и Константина до свадьбы старшего брата Дмитрия.
653 0_ a Ключевые слова Труды Тверского государственного университета
a Ключевые слова Краеведение
a Ключевые слова Тверь, город
a Ключевые слова Князья
a Ключевые слова Брак
a Ключевые слова Свадебный договор
a Ключевые слова Крещение
773 18 a Заголовок основной записи Тверской государственный университет
w Контрольный № источника 3a8cb3d33a44432fa2ccf40b2e16e357
t Название источника У истоков российского государства
d Место и дата издания Тверь : Тверской государственный университет, 2015
g Прочая информация С. 85-101
901 t Тип документа a
920 a Оператор Кома